000 00424nam a2200181Ia 4500
001 21166
005 20260306172859.0
008 260306t2006||||xx |||||||||||||| ||spa||
041 _aESP
082 _a344G
_bC48 T.2
100 _aCerezo Mir, José
_eAUT
245 0 _aObras completas:
_botros estudios
260 _c2006
300 _apágs. :
_c24 cm.
650 _aGEN
654 _aCDE
942 _cLIB
_dJUS
_fJUS
_2ddc
_n
999 _c21166
_d21166